| 000 | 00652cab a2200217 4500 | ||
|---|---|---|---|
| 001 | WB3033-34 | ||
| 008 | 090401t1994 xxu||||| |||| 00| 0 eng d | ||
| 035 | _a(Sirsi) u41701 | ||
| 041 | _aeng | ||
| 245 | _aThames plan falls short of ambitions | ||
| 260 | _c1994 | ||
| 350 | _a0 | ||
| 490 |
_aFinancial Times _v8 September 1994, 7(2) |
||
| 520 | _aPlans for the East Thames corridor are revealed in a consultation paper, "Thames Gateway planning framework" (DoE, free 071-276-4082). Map. | ||
| 650 | _aEAST THAMES CORRIDOR | ||
| 650 | _aFUNDING | ||
| 650 | _aTHAMES GATEWAY | ||
| 690 | _aURBAN RENEWAL | ||
| 942 | _n0 | ||
| 948 | _c04/03/1997 | ||
| 999 |
_c26766 _d26766 |
||